000 01505nam a2200385 a 4500
001 ebr10172724
003 CaPaEBR
006 m u
007 cr cn|||||||||
008 020806s2003 txu sb s001 0 eng
020 _z0292709218 (alk. paper)
020 _z0292709226 (pbk. : alk. paper)
040 _aCaPaEBR
_cCaPaEBR
035 _a(OCoLC)614958870
041 1 _aeng
_hgrc
050 1 4 _aPA3951
_b.E5 2003eb
082 0 4 _a885/.01
_221
100 0 _aDemosthenes.
240 1 0 _aSelections.
_lEnglish.
_f2003
245 1 0 _aSpeeches 50-59
_h[electronic resource] /
_ctranslated by Victor Bers.
250 _a1st ed.
260 _aAustin :
_bUniversity of Texas Press,
_c2003.
300 _axxxi, 205 p.
490 1 _aOratory of classical Greece ;
_vv. 6
504 _aIncludes bibliographical references and index.
533 _aElectronic reproduction.
_bPalo Alto, Calif. :
_cebrary,
_d2013.
_nAvailable via World Wide Web.
_nAccess may be limited to ebrary affiliated libraries.
600 0 0 _aDemosthenes
_vTranslations into English.
650 0 _aSpeeches, addresses, etc., Greek
_vTranslations into English.
651 0 _aAthens (Greece)
_xPolitics and government
_vEarly works to 1800.
655 7 _aElectronic books.
_2local
700 1 _aBers, Victor.
710 2 _aebrary, Inc.
830 0 _aOratory of classical Greece ;
_vv. 6.
856 4 0 _uhttp://site.ebrary.com/lib/rucke/Doc?id=10172724
_zAn electronic book accessible through the World Wide Web; click to view
999 _c248893
_d248893